000 00488nam a2200145Ia 4500
008 151213s9999 xx 000 0 und d
100 _aঅনিক মাহমুদ।
245 _aদীর্ঘদংশন নীল জ্বালা।
_cঅনিক মাহমুদ।
260 _aঢাকা
_bপরী প্রকাশ।
_c2007
300 _a8639 p.
650 _aBangla
650 _aগল্প।
700 _aঅনিক মাহমুদ।
999 _c4426
_d4426